[Event "Staatsliga B/West"]
[Site "Schwaz"]
[Date "1999.01.24"]
[Round "6.4.3"]
[White "Spiegel, Wilfried"]
[Black "Mittelberger, Peter"]
[Result "0-1"]
[WhiteElo "2165"]
[BlackElo "2230"]
[PlyCount "78"]
[EventDate "1998.10.17"]

1. d4 d6 2. c4 Nf6 3. Nc3 g6 4. g3 Bg7 5. Bg2 O-O 6. Nf3 Nc6 7. O-O a6 8. d5
Na5 9. Nd2 c5 10. Qc2 Rb8 11. Rb1 b5 12. b3 bxc4 13. bxc4 Rxb1 14. Ncxb1 e6 15.
Bb2 exd5 16. cxd5 Bd7 17. Nc3 Qc7 18. h3 Rb8 19. Rb1 Rb4 20. a3 Rb7 21. e4 Qb8
22. Ba1 Ne8 23. Bf1 Nc7 24. Rxb7 Qxb7 25. Bb2 Qb6 26. Kg2 Nb5 27. Na4 Qc7 28.
Bxg7 Kxg7 29. Nb2 f6 30. Nbc4 Nd4 31. Qb2 Bb5 32. f4 Nxc4 33. Bxc4 Qe7 34. Qc3
f5 35. exf5 Bxc4 36. Nxc4 Qe2+ 37. Kh1 Kg8 38. Nd2 Qf2 39. Qa5 Nxf5 0-1

[Event "Staatsliga B/West"]
[Site "Schwaz"]
[Date "1999.01.24"]
[Round "6.4.4"]
[White "Novkovic, Julia"]
[Black "Burschowsky, Matthias"]
[Result "0-1"]
[WhiteElo "2135"]
[BlackElo "2160"]
[PlyCount "88"]
[EventDate "1998.10.17"]

1. e4 c5 2. Nc3 Nc6 3. g3 g6 4. d3 Bg7 5. Be3 d6 6. Qd2 Rb8 7. Bg2 b5 8. f4 Nd4
9. Nd1 Bb7 10. c3 Nc6 11. Ne2 Nf6 12. Nf2 e5 13. O-O exf4 14. gxf4 O-O 15. d4
Nd7 16. f5 cxd4 17. cxd4 Qa5 18. Qxa5 Nxa5 19. Bf4 Rfe8 20. Bxd6 Rbc8 21. Ng4
Bxe4 22. fxg6 hxg6 23. Nc3 Bxd4+ 24. Kh1 Bxg2+ 25. Kxg2 f5 26. Nf2 Bxc3 27.
bxc3 Nc4 28. Bf4 Ne3+ 29. Bxe3 Rxe3 30. Rab1 a6 31. Rfd1 Nc5 32. Rd6 Kg7 33.
Nh3 Re6 34. Rbd1 Rc6 35. R6d5 Ne4 36. Rd7+ Kf6 37. Ra7 Red6 38. Rf1 Rxc3 39.
Nf4 Rc2+ 40. Kg1 Rxa2 41. Rc7 g5 42. Ng2 Rdd2 43. Ne3 g4 44. Rc6+ Kg5 0-1

[Event "Staatsliga B/West"]
[Site "Schwaz"]
[Date "1999.01.24"]
[Round "6.4.5"]
[White "Monz, Dieter"]
[Black "Eiler, Gebhard"]
[Result "1/2-1/2"]
[WhiteElo "2070"]
[BlackElo "2080"]
[PlyCount "67"]
[EventDate "1998.10.17"]

1. d4 Nf6 2. c4 g6 3. g3 Bg7 4. Bg2 O-O 5. Nc3 d6 6. Nf3 Nbd7 7. O-O e5 8. e4
c6 9. h3 Qb6 10. dxe5 dxe5 11. Qc2 Qb4 12. Qe2 Qe7 13. Be3 Ne8 14. Rfe1 Nc5 15.
Rac1 Ne6 16. a3 Nd4 17. Bxd4 exd4 18. Na2 c5 19. Nh4 Rb8 20. b4 b6 21. Rb1 Qc7
22. f4 Nd6 23. e5 Nf5 24. Nxf5 Bxf5 25. Rbd1 Rbd8 26. Nc1 Rfe8 27. Nd3 Be6 28.
bxc5 bxc5 29. Nf2 Rb8 30. Ne4 Rb3 31. Qc2 Reb8 32. Rb1 Rxb1 33. Rxb1 Rxb1+ 34.
Qxb1 1/2-1/2

[Event "Staatsliga B/West"]
[Site "Schwaz"]
[Date "1999.01.24"]
[Round "6.5.1"]
[White "Dobosz, Henryk"]
[Black "Lanka, Zigurds"]
[Result "1/2-1/2"]
[WhiteElo "2405"]
[BlackElo "2515"]
[PlyCount "44"]
[EventDate "1998.10.17"]

1. d4 Nf6 2. Nf3 g6 3. g3 Bg7 4. Bg2 O-O 5. O-O d6 6. b3 c5 7. Bb2 cxd4 8. Nxd4
d5 9. Nd2 e5 10. N4f3 e4 11. Nd4 Nc6 12. e3 Re8 13. c4 h5 14. cxd5 Bg4 15. Qb1
Qxd5 16. Nxc6 Qxc6 17. Bd4 Rad8 18. Qb2 Re6 19. Rac1 Qd7 20. Rc2 Bf5 21. b4 b6
22. Rfc1 Ne8 1/2-1/2

[Event "Staatsliga B/West"]
[Site "Schwaz"]
[Date "1999.01.24"]
[Round "6.5.2"]
[White "Maiwald, Jens-Uwe"]
[Black "Kranz, Armin"]
[Result "1-0"]
[WhiteElo "2425"]
[BlackElo "2185"]
[PlyCount "51"]
[EventDate "1998.10.17"]

1. e4 c6 2. d4 d5 3. e5 Bf5 4. h4 h5 5. c4 e6 6. Nc3 Nd7 7. cxd5 exd5 8. Bd3
Be6 9. Nge2 Be7 10. Nf4 Bg4 11. f3 Bxh4+ 12. Kf1 Be6 13. Nxe6 fxe6 14. Bg6+ Kf8
15. Qd2 Bg3 16. Ne2 Nxe5 17. dxe5 Bxe5 18. Nf4 Qf6 19. Rxh5 Rxh5 20. Bxh5 Ne7
21. Bg4 Nf5 22. Bxf5 Bxf4 23. Qb4+ Qe7 24. Qxf4 exf5 25. Qxf5+ Kg8 26. Bg5 1-0

[Event "Staatsliga B/West"]
[Site "Schwaz"]
[Date "1999.01.24"]
[Round "6.5.3"]
[White "Genduso, Carmelo"]
[Black "Gross, David"]
[Result "0-1"]
[WhiteElo "2210"]
[BlackElo "2340"]
[PlyCount "64"]
[EventDate "1998.10.17"]

1. e4 c5 2. Nc3 Nc6 3. g3 g6 4. Bg2 Bg7 5. d3 d6 6. f4 e6 7. Nf3 Nge7 8. O-O
O-O 9. Be3 Nd4 10. Qd2 b6 11. Bxd4 cxd4 12. Nb5 e5 13. Qb4 Nc6 14. Qxd6 Qxd6
15. Nxd6 Ba6 16. b3 exf4 17. gxf4 Rad8 18. e5 f6 19. Rae1 fxe5 20. Nxe5 Nb4 21.
a3 Rxd6 22. axb4 Bh6 23. Nc4 Rdf6 24. Bd5+ Kh8 25. Ne5 Bxf4 26. Ng4 Rf5 27. Be6
Rh5 28. Re4 g5 29. Rxd4 Rh4 30. Rd7 Bc8 31. Rxf4 gxf4 32. Nf6 Bxd7 0-1

[Event "Staatsliga B/West"]
[Site "Schwaz"]
[Date "1999.01.24"]
[Round "6.5.4"]
[White "Kleissl, Helmut"]
[Black "Welsh, Michael"]
[Result "1-0"]
[WhiteElo "2300"]
[BlackElo "2135"]
[PlyCount "111"]
[EventDate "1998.10.17"]

1. c4 Nf6 2. Nc3 g6 3. e4 d6 4. d4 Bg7 5. Bd3 O-O 6. Nge2 c5 7. d5 Na6 8. O-O
e6 9. Bg5 h6 10. Bh4 g5 11. Bg3 e5 12. f3 Nc7 13. a3 Nh5 14. b4 b6 15. Be1 Nf4
16. Ng3 Re8 17. Rb1 Bd7 18. Bc2 Qc8 19. Ba4 Rd8 20. Bxd7 Rxd7 21. Nf5 cxb4 22.
axb4 Na6 23. Qb3 Bf8 24. h4 Nd3 25. Nb5 Nxe1 26. Rfxe1 gxh4 27. Nxh4 Nc7 28.
Na3 Ne8 29. Nf5 a5 30. b5 Qc5+ 31. Kh1 Ng7 32. Nxh6+ Kh7 33. Ng4 Be7 34. g3 Rh8
35. Kg2 Kg6 36. Nc2 Bg5 37. Qd3 Nh5 38. Rh1 Rdd8 39. Rbf1 Rc8 40. f4 Qxc4 41.
Qxc4 Rxc4 42. Nce3 Rxe4 43. fxg5 Rh7 44. Nf6 Nxf6 45. Rxf6+ Kxg5 46. Rxh7 Kxf6
47. Kf3 Rb4 48. Rh6+ Kg5 49. Rxd6 Rxb5 50. Ke4 f6 51. Rc6 a4 52. d6 f5+ 53.
Nxf5 Rb4+ 54. Kxe5 Rb5+ 55. Ke4 Rxf5 56. d7 1-0